00673nam a2200217 a 4500001001300000003000900013005001700022008004100039020001000080082001700090100003100107245003000138260004200168300000900210500003500219505003900254902000800293942000700301952013000308999001700438nice12345678IN_TiNIC20260116014614.0050524s1961 newa grp 000 0 eng  ac25000a340.59bSHA8 aShafii, Muhammad Ibn Idris aAl-Risala Fi Usul Al Fiqh aNew DelhibIslamic Text Societyc1961 a379p aincludes index and biblioraphy2 aRefrences, Acknowledgements, Index bSRS cBK 001040708StackRoom-aHMIbHMId2005-05-24g250.00l4o340.59 SHA8p021237r2022-09-08s2022-09-02v250.00w2005-05-24yBK c16191d16191